| 000 | 00908cab a2200289 4500 | ||
|---|---|---|---|
| 001 | ABS43108 | ||
| 008 | 090401t1990 xxu||||| |||| 00| 0 eng d | ||
| 035 | _a(Sirsi) u40462 | ||
| 041 | _aeng | ||
| 100 | _aEvamy, M. | ||
| 245 | _aNew nomenclature | ||
| 260 | _c1990 | ||
| 350 | _a0 | ||
| 490 |
_aNew Builder _v(41) 5 July 1990, 22(1) |
||
| 520 | _aLooks at the reorganisation of Davis Langdon and Everest `s international operations. Gives details of the new international divisions. | ||
| 650 | _aDAVIS LANGDON AND COPPER | ||
| 650 | _aDAVIS LANGDON AND SEAH | ||
| 650 | _aDAVIS LANGDON AND WEISS | ||
| 650 | _aDAVIS LANGDON ARABIAN GULF | ||
| 650 | _aDAVIS LANGDON AUSTRALIA | ||
| 650 | _aDAVIS LANGDON EDETCO | ||
| 650 | _aPRACTICE MANAGEMENT | ||
| 650 | _aQUANTITY SURVEYORS | ||
| 690 | _aMANAGEMENT-BUSINESS MANAGEMENT-PROFESSIONAL PRACTICE | ||
| 942 | _n0 | ||
| 948 | _c04/03/1997 | ||
| 999 |
_c25931 _d25931 |
||